000 00724nam a2200241Ia 4500
003 OSt
005 20220926025126.0
006 a|||||r|||| 00| 0
007 ta
008 220923b |||||||| |||| 00| 0 eng d
037 _cGeneral Book
040 _aRTL
_cRTL
_beng
041 _2eng
_aeng
082 _aX6291:1, P2
100 _aGoodhart Charles Ed.
_9331918
245 0 _aFinancial crises contagion and the lender of last resort
260 _aOxford
_bOxford University Press
_c2002
300 _avii,558p
_ccm.
650 _aSavings Bank
700 _a Illing Gerhard Ed.
_9331919
942 _hX6291:1, P2
_cGB
_2CC
999 _c646354
_d646354